000
00322 a2200157 4500
001
59244
020
_a
040
_c
Anchieta - Pituba
100
_a
Vidal, Bernard
240
1
0
_a
História da química
_l
por
245
1
0
_a
História da química
300
_a
106
362
0
_a
1986
650
4
_a
Química
942
_c
BK
999
_c
59244
_d
59244